Мониторинг и анализ сетей: пер. с англ.

Podrobná bibliografie
Hlavní autor: Уилсон Э. Эд
Shrnutí:Вы когда-нибудь задумывались на тем, что происходит внутри сети? Почему многоуровневые приложения внезапно начинают работать медленно, отказывают задания печати, исчезают сетевые элементы? Ответы на эти вопросы вы найдете в книге Эда Уилсона. Это полное практическое руководство по мониторингу и анализу сетей, которое позволит увеличить производительность, спланировать развитие и даже выявить несанкционированное проникновение в систему.
Jazyk:ruština
Vydáno: Москва, Лори, 2013
Témata:
Médium: MixedMaterials Kniha
KOHA link:https://koha.lib.tpu.ru/cgi-bin/koha/opac-detail.pl?biblionumber=231262

MARC

LEADER 00000nam0a2200000 4500
001 231262
005 20231101231052.0
010 |a 9785855823509 
035 |a (RuTPU)RU\TPU\book\252278 
090 |a 231262 
100 |a 20130130d2013 km y0rusy50 ca 
101 1 |a rus  |c eng 
102 |a RU 
105 |a y z 000zy 
200 1 |a Мониторинг и анализ сетей  |e пер. с англ.  |f Э. Уилсон 
210 |a Москва  |c Лори  |d 2013 
215 |a 350 с. 
330 |a Вы когда-нибудь задумывались на тем, что происходит внутри сети? Почему многоуровневые приложения внезапно начинают работать медленно, отказывают задания печати, исчезают сетевые элементы? Ответы на эти вопросы вы найдете в книге Эда Уилсона. Это полное практическое руководство по мониторингу и анализу сетей, которое позволит увеличить производительность, спланировать развитие и даже выявить несанкционированное проникновение в систему. 
606 1 |a Компьютерные сети  |2 stltpush  |3 (RuTPU)RU\TPU\subj\15175  |9 41442 
610 1 |a базовые сетевые модели 
610 1 |a протоколы 
610 1 |a сообщения 
610 1 |a графики 
610 1 |a электронная почта 
610 1 |a сетевые мониторы 
610 1 |a инструментальные средства 
610 1 |a неисправности 
610 1 |a поиск 
610 1 |a безопасность 
675 |a 004.7  |v 4 
700 1 |a Уилсон  |b Э.  |g Эд 
801 1 |a RU  |b 63413507  |c 20130130 
801 2 |a RU  |b 63413507  |c 20150428  |g RCR 
942 |c BK 
959 |a 14/20130130  |d 2  |e 352,00  |f ЧЗТЛ:1  |f АНЛ:1